Hospodársky rast Slovenska v medzinárodnej komparácii

Problém hospodárskeho rastu Slovenska v súvislosti s jeho prípravou na prijatie do EÚ. Porovnanie výkonnosti ekonomiky SR (a ďalších stredoeurópskych tranzitívnych ekonomík) s výkonnosťou ekonomík krajín EÚ. Predpoklady zrýchlenia tempa rastu HDP v SR na základe použitia ekonometrického modelu.

Gespeichert in:
Bibliographische Detailangaben
1. Verfasser: Okáli, Ivan
Format: Buchkapitel
Sprache:Slowakisch
Schlagworte:
Tags: Tag hinzufügen
Keine Tags, Fügen Sie das erste Tag hinzu!

MARC

LEADER 00000naa a2200000 4500
001 r026398
005 20230921122716.9
041 0 |a slo 
044 |a SK 
245 1 0 |a Hospodársky rast Slovenska v medzinárodnej komparácii  |c Ivan Okáli 
520 |a Problém hospodárskeho rastu Slovenska v súvislosti s jeho prípravou na prijatie do EÚ. Porovnanie výkonnosti ekonomiky SR (a ďalších stredoeurópskych tranzitívnych ekonomík) s výkonnosťou ekonomík krajín EÚ. Predpoklady zrýchlenia tempa rastu HDP v SR na základe použitia ekonometrického modelu. 
610 2 0 |a rast hospodársky 
610 2 0 |a Slovensko 
610 2 0 |a porovnanie medzinárodné 
610 2 0 |a Európska únia 
610 2 0 |a produkt domáci hrubý 
610 2 0 |a modely ekonometrické 
610 2 0 |a modely prognostické 
610 2 0 |a prognózy hospodárske 
610 2 0 |a 2005 
610 2 0 |a investície 
610 2 0 |a výkonnosť 
610 2 0 |a hospodárstvo národné 
100 1 |a Okáli, Ivan